Organización industrial (Registro nro. 14562)

Detalles MARC
000 -CABECERA
Longitud fija campo de control 01064nam a22002777a 4500
003 - IDENTIFICADOR DELl NÚMERO DE CONTROL
Identificador del número de control OSt
005 - FECHA Y HORA DE LA ÚLTIMA TRANSACCIÓN
Fecha y hora de la última transacción 20141018104424.0
008 - CÓDIGOS DE INFORMACIÓN DE LONGITUD FIJA
Códigos de información de longitud fija 141010b xxu||||| |||| 00| 0 eng d
020 ## - NÚMERO INTERNACIONAL NORMALIZADO PARA LIBROS
Número Internacional Normalizado para Libros (ISBN) 978-970-686-421-5
040 ## - FUENTE DE LA CATALOGACIÓN
Centro transcriptor BMC
082 ## - NÚMERO DE LA CLASIFICACIÓN DECIMAL DEWEY
Númeroo de clasificación 658.1
100 1# - PUNTO DE ACCESO PRINCIPAL-NOMBRE DE PERSONA
Nombre de persona Pepall, Lynne
9 (RLIN) 26538
245 10 - MENCIÓN DE TÍTULO
Título Organización industrial
Resto del título : teoría y prácticas contemporáneas
Mención de responsabilidad, etc. Lynne Pepall, Daniel J. Richards, George Norman ; traducción, Adolfo Deras Quiñones ; revisión técnica, José Germán Rojas Arredondo, Marcos S. Ávalos Bracho.
250 ## - MENCIÓN DE EDICIÓN
Mención de edición 3ª ed
260 ## - PUBLICACIÓN, DISTRIBUCIÓN, ETC. (PIE DE IMPRENTA)
Lugar de publicación, distribución, etc. México D.F. [etc.]
Nombre del editor, distribuidor, etc. Thomson
Fecha de publicación, distribución, etc. cop. 2006
300 ## - DESCRIPCIÓN FÍSICA
Extensión XVIII, 676 p.
Dimensiones 27 cm.
500 ## - NOTA GENERAL
Nota general Índice: p. 669-676
595 ## - NOTA DE EDICIÓN E HISTORIA BIBLIOGRÁFICA
Nota de edición e historia bibliográfica Traducción de: Industrial Organization: Contemporary Theory and Practice
650 24 - PUNTO DE ACCESO ADICIONAL DE MATERIA - TÉRMINO DE MATERIA
Término de materia o nombre geográfico como elemento inicial Organización de la empresa
9 (RLIN) 8517
700 1# - PUNTO DE ACCESO ADICIONAL - NOMBRE DE PERSONA
Nombre de persona Norman, George
9 (RLIN) 26540
700 1# - PUNTO DE ACCESO ADICIONAL - NOMBRE DE PERSONA
Nombre de persona Rojas Arredondo, José Germán
9 (RLIN) 26541
700 1# - PUNTO DE ACCESO ADICIONAL - NOMBRE DE PERSONA
Nombre de persona Ávalos Bracho, Marcos S.
9 (RLIN) 5569
700 1# - PUNTO DE ACCESO ADICIONAL - NOMBRE DE PERSONA
Nombre de persona Deras Quiñones, Adolfo
9 (RLIN) 5589
700 1# - PUNTO DE ACCESO ADICIONAL - NOMBRE DE PERSONA
9 (RLIN) 26539
Nombre de persona Richards, Daniel Jay‏
942 ## - ENTRADA DE ELEMENTOS AGREGADOS (KOHA)
Fuente de clasificaión o esquema Dewey Decimal Classification
Koha [por defecto] tipo de item 1- Monografias
Existencias
Suprimido Perdido Fuente de clasificación o esquema Estropeado Restricciones de uso No para préstamo Código de colección Localización permanente Localización actual Localización en estanter&íacute;as Fecha adquisición Fuente de adquisición Número de inventario Préstamos totales Signatura completa Código de barras Fecha última consulta Fecha último préstamo Coste, precio reemplazado Fecha del precio de reemplazo Tipo de item de Koha
NULL NULL Dewey Decimal Classification NULL Prestable NULL NULL Biblioteca Miguel de Cervantes - UNICAES Biblioteca Miguel de Cervantes - UNICAES Sala Principal 20/01/2011 Donación - Facultad de Ingenieria y Arquitectura 022990 1 658.1 PEP org 1023448 17/03/2016 17/03/2016 31.00 13/10/2014 1- Monografias
NULL NULL Dewey Decimal Classification NULL Prestable NULL NULL Biblioteca Miguel de Cervantes - UNICAES Biblioteca Miguel de Cervantes - UNICAES Sala Principal 20/01/2011 Donación - Facultad de Ingenieria y Arquitectura 022991 1 658.1 PEP org 1023449 28/01/2019 25/01/2019 31.00 13/10/2014 1- Monografias